On This Day: July 12th Quiz Stats

 Plays Quiz Updated Jul 12, 2017

Support Sporcle.
Go Orange.
Score 0/7 Timer 03:00
0 Plays Today
Question Answer Wrong Answers
This band, who had many hits including ‘(I Can't Get No) Satisfaction’, performs their first concert at London’s Marquee Club.
1962
The Rolling Stones
87.5%
The Beatles
3.5%
Led Zeppelin
2.1%
The Who
3.4%
This Pakistani-English activist, a Nobel Prize laureate, is born.
1997
Malala Yousafzai
79.1%
Dylan Mahalingam
4.4%
Edwin Broni-Mensah
5.6%
Tatyana Fazlalizadeh
6.3%
This award, America’s highest and most prestigious personal military decoration, is authorized by the US Congress.
1862
Medal of Honor
64.7%
Silver Star
3.4%
Purple Heart
27.9%
Legion of Merit
1.6%
This British explorer and navigator begins his third voyage with the goal of locating a Northwest Passage around the American continent.
1776
James Cook
58.8%
Ferdinand Magellan
13.3%
Vasco da Gama
4.7%
George Vancouver
23.2%
São Tomé and Príncipe declare independence from ______.
1975
Portugal
57.7%
Spain
17.4%
France
19.3%
Germany
1.1%
US Army Apache helicopters perform airstrikes on this city. Footage from the cockpit is later leaked on the Internet, provoking global discussion on the morality of the attacks.
2007
Baghdad
51.1%
Kabul
28.5%
Tehran
6.9%
Damascus
8.3%
Sixteen German imperial states leave the ______ and form the Confederation of the Rhine.
1806
Holy Roman Empire
40.6%
Ottoman Empire
20.4%
Kingdom of Prussia
35.1%
French Empire
2.8%

You're not logged in!

Compare scores with friends on all Sporcle quizzes.
OR
Log In
Forgot?

From the Vault

Game of Thrones on Twitter

by bigpapi

We're sure Game of Thrones can figure out a way to disembowel someone in 140 characters or less.
Remove Ads.
Support Sporcle.
Get the best of Sporcle when you Go Orange. This ad-free experience offers more features, more stats, and more fun while also helping to support Sporcle. Thank you for becoming a member.

Show Comments

Extras

Top Quizzes Today


Score Distribution

Your Account Isn't Verified!

In order to create a playlist on Sporcle, you need to verify the email address you used during registration. Go to your Sporcle Settings to finish the process.

Report this User

Report this user for behavior that violates our Community Guidelines.

Details: